Enfoque estratégico centroamericano sobre reconstrucción y transformación desde la sociedad civil organizada nacional y regionalmente: reconstrucción y desarrollo de Centroamérica post Mitch
Αποθηκεύτηκε σε:
| Συγγραφή απο Οργανισμό/Αρχή: | |
|---|---|
| Μορφή: | Άγνωστο |
| Έκδοση: |
Managua:
CRIES
|
| Θέματα: | |
| Ετικέτες: |
Προσθήκη ετικέτας
Δεν υπάρχουν, Καταχωρήστε ετικέτα πρώτοι!
|
MARC
| LEADER | 00000 a2200000 04500 | ||
|---|---|---|---|
| 001 | 18503 | ||
| 003 | |||
| 008 | 991231s d | ||
| 040 | |||
| 090 | |a 143406 | ||
| 110 | |a Coordinadora Regional de Investigaciones Económicas y Sociales | ||
| 245 | |a Enfoque estratégico centroamericano sobre reconstrucción y transformación desde la sociedad civil organizada nacional y regionalmente: reconstrucción y desarrollo de Centroamérica post Mitch | ||
| 260 | |a Managua: |b CRIES | ||
| 650 | |a DESARROLLO ECONOMICO Y SOCIAL | ||
| 650 | |a SALUD | ||
| 650 | |a DESASTRES NATURALES | ||
| 650 | |a TORMENTAS | ||
| 999 | |c 11192 |d 11192 | ||
